Kennedy und Adenauer in der Berlin-Krise: 1961-1962
Uloženo v:
| Hlavní autor: | |
|---|---|
| Médium: | Kniha |
| Jazyk: | němčina |
| Vydáno: |
Bonn
Neue Gesellschaft GmbH
1973
|
| Edice: | Schriftenreihe des Forschungsinstituts der Friedrich-Ebert-Stifung, 96
|
| Témata: | |
| Tagy: |
Přidat tag
Žádné tagy, Buďte první, kdo vytvoří štítek k tomuto záznamu!
|
MARC
| LEADER | 00000nam a2200000 a 4500 | ||
|---|---|---|---|
| 001 | UCN7279 | ||
| 003 | CL-VaPUC | ||
| 008 | 011012e19730000GW |||||||||||||||||ger|d | ||
| 082 | 0 | 4 | |a 327.73043 |b STU |2 21 |
| 100 | 0 | |a Stützle, Walther |e author |9 463165 | |
| 245 | 1 | 0 | |a Kennedy und Adenauer in der Berlin-Krise: 1961-1962 |
| 300 | |a 253 p | ||
| 942 | |c BK | ||
| 945 | |d 20011012 00:00:00 |a crobeson | ||
| 260 | |a Bonn |b Neue Gesellschaft GmbH |c 1973 | ||
| 600 | 0 | 7 | |a ADENAUER, KONRAD |2 CL-VaPUC |9 317545 |
| 600 | 0 | |a Kennedy, John Fitzgerald |d 1917-1963 |9 859083 | |
| 650 | 0 | |a Relaciones Internacionales |9 255740 | |
| 650 | 0 | |a Relaciones diplomáticas |9 381723 | |
| 651 | 0 | |a Estados Unidos |9 255178 | |
| 651 | 0 | |a Alemania |9 255688 | |
| 583 | |a last modification |c 20011012 00:00:00 |k Rodrigo Vera | ||
| 490 | 0 | |a Schriftenreihe des Forschungsinstituts der Friedrich-Ebert-Stifung, 96 | |
| 999 | |c 297679 |d 297677 | ||
| 952 | |0 0 |1 0 |4 0 |6 327_730430000000000_STU_1973 |7 0 |8 A |9 352606 |a BIBHIS |b BIBHIS |d 2019-11-21 |i 3710076 |o 327.73043 STU 1973 |p 3710076 |r 2025-01-20 |w 2019-11-21 |y BK |k HIS | ||